export_success — 

The social costs of underemployment inadequate employment as disguised unemployment /

Bibliographic Details
Main Author: Dooley, David.
Corporate Author: ProQuest (Firm)
Other Authors: Prause, JoAnn, 1953-
Format: Electronic eBook
Language:English
Published: Cambridge, UK New York, NY USA : Cambridge University Press, 2004.
Subjects:
Online Access:Click to View
LEADER 02021nam a2200397Ia 4500
001 EBC256648
003 MiAaPQ
005 20200520144314.0
006 m o d |
007 cr cn|||||||||
008 030227s2004 enka sb 001 0 eng d
010 |z  2003043948 
020 |z 0511187173 
020 |z 0521810140 
035 |a (MiAaPQ)EBC256648 
035 |a (Au-PeEL)EBL256648 
035 |a (CaPaEBR)ebr10126086 
035 |a (CaONFJC)MIL45825 
035 |a (OCoLC)935231188 
040 |a MiAaPQ  |c MiAaPQ  |d MiAaPQ 
050 4 |a HD5709  |b .D66 2004 
082 0 4 |a 362.85/2  |2 21 
100 1 |a Dooley, David. 
245 1 4 |a The social costs of underemployment  |h [electronic resource] :  |b inadequate employment as disguised unemployment /  |c David Dooley, JoAnn Prause. 
260 |a Cambridge, UK  |a New York, NY USA :  |b Cambridge University Press,  |c 2004. 
300 |a ix, 274 p. :  |b ill. 
504 |a Includes bibliographical references (p. 241-259) and indexes. 
505 0 |a 1. Disguised Unemployment and Changing Forms of Work -- 2. The Social Costs of Unemployment -- 3. Data Sources and Methods -- 4. Reverse Causation: Findings on the Selection Hypothesis -- 5. Leaving School: Self-esteem in an Unwelcoming Economy -- 6. Early Adulthood: Alcohol Misuse and Underemployment -- 7. Settling Down: Psychological Depression and Underemployment -- 8. Extending the Employment Continuum: Well-Being in Welfare Transitions -- 9. The Next Generation: Underemployment and Birthweight -- 10. Conclusions -- 11. New Directions. 
533 |a Electronic reproduction. Ann Arbor, MI : ProQuest, 2015. Available via World Wide Web. Access may be limited to ProQuest affiliated libraries. 
650 0 |a Underemployment. 
650 0 |a Underemployment  |x Health aspects. 
650 0 |a Underemployment  |x Psychological aspects. 
655 4 |a Electronic books. 
700 1 |a Prause, JoAnn,  |d 1953- 
710 2 |a ProQuest (Firm) 
856 4 0 |u https://ebookcentral.proquest.com/lib/matrademy/detail.action?docID=256648  |z Click to View